Retail parks show slowing returns (Record no. 73215)
[ view plain ]
| 000 -LEADER | |
|---|---|
| fixed length control field | 01021cam a2200205 4500 |
| 001 - CONTROL NUMBER | |
| control field | WB3931-07 |
| 008 - FIXED-LENGTH DATA ELEMENTS--GENERAL INFORMATION | |
| fixed length control field | 030813n2003 000 0 eng u |
| 035 ## - SYSTEM CONTROL NUMBER | |
| System control number | (Sirsi) u123264 |
| 245 ## - TITLE STATEMENT | |
| Title | Retail parks show slowing returns |
| 260 ## - PUBLICATION, DISTRIBUTION, ETC. | |
| Date of publication, distribution, etc. | 2003 |
| 490 ## - SERIES STATEMENT | |
| Series statement | Lambert Smith Hampton |
| Volume/sequential designation | 15 July 2003 (1) |
| 520 ## - SUMMARY, ETC. | |
| Summary, etc. | The latest Lambert Smith Hampton "Retail Warehouse Report" reports that retail warehousing will continue to outperform other property sectors. However the outstanding returns generated for investors by out-of-town retail property are likely to slow as the consumer boom wanes. Further highlights that while in the past retail parks have been the domain of DIY, electrical and furniture retailers, their success with consumers has attracted further high street chains. http://www.lsh.co.uk/news.htm |
| 590 ## - LOCAL NOTE (RLIN) | |
| Local note | WB |
| 650 ## - SUBJECT ADDED ENTRY--TOPICAL TERM | |
| Topical term or geographic name entry element | OUT-OF-TOWN RETAILING |
| 650 ## - SUBJECT ADDED ENTRY--TOPICAL TERM | |
| Topical term or geographic name entry element | RETAIL PARKS |
| 650 ## - SUBJECT ADDED ENTRY--TOPICAL TERM | |
| Topical term or geographic name entry element | RETAIL WAREHOUSES |
| 650 ## - SUBJECT ADDED ENTRY--TOPICAL TERM | |
| Topical term or geographic name entry element | CONSUMER SPENDING |
| 690 ## - LOCAL SUBJECT ADDED ENTRY--TOPICAL TERM (OCLC, RLIN) | |
| Topical term or geographic name as entry element | PROPERTY-COMMERCIAL PROPERTY |
| 942 ## - ADDED ENTRY ELEMENTS (KOHA) | |
| Suppress in OPAC | 0 |
| Withdrawn status | Lost status | Source of classification or shelving scheme | Damaged status | Not for loan | Home library | Current library | Shelving location | Date acquired | Total Checkouts | Full call number | Barcode | Date last seen | Copy number | Price effective from | Koha item type |
|---|---|---|---|---|---|---|---|---|---|---|---|---|---|---|---|
| Dewey Decimal Classification | London | London | News article | 13/08/2003 | WB3931-07 | 123264-1001 | 06/08/2019 | 1 | 06/08/2019 | News article |